|
|
|
|
| LEADER |
00000nam a2200000 i 4500 |
| 001 |
1/51047 |
| 008 |
070807s2001 eng d |
| 020 |
|
|
|a 0-471-41254-6
|
| 035 |
|
|
|l 10089617
|
| 040 |
|
|
|a GR-MY-UA
|b gre
|e aacr
|
| 041 |
0 |
|
|a eng
|
| 082 |
0 |
|
|a 658.40380285574
|2 (22)
|
| 100 |
1 |
|
|a Ponniah, Paulraj.
|
| 245 |
1 |
0 |
|a Data warehousing fundamentals :
|b a comprehensive guide for IT professional /
|c Paulraj Ponniah
|
| 260 |
|
|
|a New York :
|b Wiley,
|c c2001
|
| 300 |
|
|
|a xxv, 516 σ.;
|b εικ.;
|c 26 εκ.
|
| 504 |
|
|
|a Περιλαμβάνει βιβλιογραφικές παραπομπές (σ. 501-402) και ευρετήριο
|
| 650 |
0 |
0 |
|a Data warehousing.
|
| 852 |
|
|
|a INST
|b SAMOS
|e 20070807
|h 658.40380285574 PON
|p 005300025545
|q 005300025545
|t BK
|y 0
|
| 901 |
|
|
|a BIBL3-2007-2
|
| 909 |
|
|
|a Σ
|b 137325
|
| 922 |
|
|
|a 3ΕΛΗ
|b 200707
|c ΕΠΕΑΕΚ2/ΤΜΠΕΣ
|d ΕΛΕΥΘΕΡΟΥΔΑΚΗΣ
|
| 970 |
|
|
|a ΣΙΤΖΙΜΗ
|b ΓΙΑΣΕΜΗ
|z 2007/08/07
|